Central Library OPAC University of Rajshahi

The American economy : (Record no. 2790)

MARC details
000 -LEADER
fixed length control field 00972nam a2200313 a 4500
001 - CONTROL NUMBER
control field 2790
003 - CONTROL NUMBER IDENTIFIER
rucl marc code BD-RjUL
005 - DATE AND TIME OF LATEST TRANSACTION
control field 20211208233622.0
008 - FIXED-LENGTH DATA ELEMENTS--GENERAL INFORMATION
fixed length control field 131217r19851983maua b 001 0 eng
020 ## - INTERNATIONAL STANDARD BOOK NUMBER
International Standard Book Number 0395317762
035 ## - SYSTEM CONTROL NUMBER
System control number (BD-RjUL)2817
040 ## - CATALOGING SOURCE
Original cataloging agency DLC
Transcribing agency DLC
Modifying agency DLC
-- BD-RjUL
Language of cataloging eng
041 ## - LANGUAGE CODE
Language code of text/sound track or separate title eng
082 00 - DEWEY DECIMAL CLASSIFICATION NUMBER
Classification number 330.973
Edition number 19
Author mark and year SAA 1985
100 1# - MAIN ENTRY--PERSONAL NAME
Personal name Sampson, Roy J.
9 (RLIN) 8946
245 14 - TITLE STATEMENT
Title The American economy :
Remainder of title analysis, issues, principles /
Statement of responsibility, etc. Roy J. Sampson, Ira Marienhoff.
250 ## - EDITION STATEMENT
Edition statement 2nd ed.
260 ## - PUBLICATION, DISTRIBUTION, ETC. (IMPRINT)
Place of publication, distribution, etc. Boston :
Name of publisher, distributor, etc. Houghton Mifflin,
Date of publication, distribution, etc. c1983 [Impression 1985].
300 ## - PHYSICAL DESCRIPTION
Pagination xiii, 538 p. :
Illustrations ill. (some col.) ;
Size 24 cm.
504 ## - BIBLIOGRAPHY, ETC. NOTE
Bibliography, etc Bibliography: p. 504-515.
Bibliography, etc Includes index.
650 #0 - SUBJECT ADDED ENTRY--TOPICAL TERM
Topical term or geographic name as entry element Economics.
9 (RLIN) 8947
Topical term or geographic name as entry element International economic relations.
9 (RLIN) 460
651 #0 - SUBJECT ADDED ENTRY--GEOGRAPHIC NAME
Geographic name United States
General subdivision Economic conditions.
9 (RLIN) 8948
700 1# - ADDED ENTRY--PERSONAL NAME
Personal name Marienhoff, Ira.
942 ## - ADDED ENTRY ELEMENTS (KOHA)
Source of classification or shelving scheme Dewey Decimal Classification
Koha item type Books
Holdings
Lost status Source of classification or shelving scheme Damaged status Not for loan Collection code Permanent Location Current Location Shelving location Date acquired Total Checkouts Full call number Date last seen Copy number Koha item type
  Dewey Decimal Classification   Not For Loan Non-fiction Central Library, University of Rajshahi Central Library, University of Rajshahi   02/11/1992   330.973 SAA 1985 17/12/2013 C-1 Books